Statistics for Mystery Taylor Swift Song #41

Click here to take the quiz!

General Stats

  • This quiz has been taken 363 times
  • The average score is 30 of 109

Answer Stats

Song% Correct
sin
83%
Single
80%
I
74%
ever
71%
a
67%
you
67%
the
63%
And
58%
it
58%
me
57%
me?
57%
in
55%
we
53%
on
51%
my
50%
that
47%
It's
46%
Don't
44%
for
44%
No
44%
they
44%
there
43%
go
42%
like
42%
are
41%
But
40%
I'll
40%
know
40%
never
39%
as
37%
did
37%
was
37%
why
37%
see
36%
she
35%
Oh
33%
said
32%
will
32%
didn't
30%
here
28%
only
26%
saw
26%
down
25%
Carolina
24%
things
24%
always
22%
back
22%
dreams
22%
won't
22%
knows
21%
these
21%
Into
20%
she's
20%
leave
18%
left
18%
make
18%
places
18%
stay
17%
bed
16%
they've
16%
years
16%
came
15%
guilty
15%
life
15%
light
15%
sleep
15%
through
15%
comes
14%
dress
14%
Free
14%
Lost
14%
sea
14%
weave
14%
between
13%
creeks
13%
liar's
13%
meet
13%
sand
13%
birds
12%
cover
12%
fast
12%
ghosts
12%
mist
12%
road
12%
running
12%
whoa
12%
Blue
11%
born;
11%
clouds
11%
count
11%
fist
11%
Hide
11%
lonesome
11%
roam
11%
stains
11%
veins
11%
whispers
11%
fled
10%
Indelible
10%
marks
10%
pines
10%
pivotal
10%
scars
10%
webs
10%
Muddy
9%
ooh
9%
robes
9%

Score Distribution

Percentile by Number Answered

Percent of People with Each Score

Your Score History

You have not taken this quiz